Кино-музыка: Ноты. № 1: Альбом № 1 (Запись № 12503185)

Подробности
000 -МАРКЕР
контрольное поле 03452ncm2a2200409 4500
001 - ИДЕНТИФИКАТОР ЗАПИСИ
контрольное поле RU\NLR\ONIZ\298620
005 - ИДЕНТИФИКАТОР ВЕРСИИ
контрольное поле 20250625090121.0
035 ## - ДРУГИЕ СИСТЕМНЫЕ НОМЕРА
Идентификатор записи (NLR Aleph) 022017854
071 20 - ИЗДАТЕЛЬСКИЙ НОМЕР
Номер, присвоенный агентством Зак. 870
100 ## - ДАННЫЕ ОБЩЕЙ ОБРАБОТКИ
Данные общей обработки 20230719d1928 |||y0rusy50 ca
101 0# - ЯЗЫК РЕСУРСА
Язык текста, звукозаписи и т.д. русский
102 ## - СТРАНА ПУБЛИКАЦИИ ИЛИ ПРОИЗВОДСТВА
Страна публикации Российская Федерация
125 ## - ПОЛЕ КОДИРОВАННЫХ ДАННЫХ: ЗВУКОЗАПИСИ И НОТНЫЕ ИЗДАНИЯ
Форма изложения нотного текста cx
135 ## - ПОЛЕ КОДИРОВАННЫХ ДАННЫХ: ЭЛЕКТРОННЫЕ РЕСУРСЫ
Кодированные данные для электронного ресурса crcn 024anaba
145 0# - ПОЛЕ КОДИРОВАННЫХ ДАННЫХ: СРЕДСТВО ИСПОЛНЕНИЯ МУЗЫКАЛЬНОГО ПРОИЗВЕДЕНИЯ (УСТАРЕВШЕЕ)
Тип средства исполнения b
200 1# - ЗАГЛАВИЕ И СВЕДЕНИЯ ОБ ОТВЕТСТВЕННОСТИ
Основное заглавие Альбом № 1
Общее обозначение материала Ноты
Первые сведения об ответственности составил и редактировал Д. С. Блок
203 ## - ВИД СОДЕРЖАНИЯ И ТИП СРЕДСТВА
Вид содержания Музыка
Дополнительные сведения об издании
--
Тип средства непосредственная
210 ## - ПУБЛИКАЦИЯ, РАСПРОСТРАНЕНИЕ И ДР.
Место издания, распространения и т.д. Москва
Имя издателя, распространителя и т. д. Теа-кино-печать
Дата издания, распространения и т.д. 1928
215 ## - ФИЗИЧЕСКАЯ ХАРАКТЕРИСТИКА
Специфическое обозначение материала и объем 31, [1] с.
Размеры 32 см
313 ## - ПРИМЕЧАНИЯ, ОТНОСЯЩИЕСЯ К ТЕМАТИЧЕСКОМУ ДОСТУПУ
Текст примечания Систематизация документа проведена по изданию - Методика классифицирования музыкальных произведений (нотных изданий) по таблицам Библиотечно-библиографических классификаций : метод. рекомендации / Гос. б-ка СССР им. В.И. Ленина.- М., 1977. Индексу ББК методических рекомендаций присваивается код ББК для научных библиотек - LBC/SL
325 ## - ПРИМЕЧАНИЕ О КОПИИ
Текст примечания Копия доступна в Электрон. б-ке РНБ
327 1# - ПРИМЕЧАНИЯ О СОДЕРЖАНИИ
Текст примечания № 1. Песнь любви / Бекке ; № 2. Приговор отчаяние / Бекке. № 3 Смерть / [Ф.] Шопен. № 4. Опасность - душевное волнение / Бекке ; № 5. Воспоминание / Бекке ; № 6 Страдание - бурное об'яснение / Бекке ; № 7. Призраки - угрызения совести / Бекке ; № 8. Нападение - убийство / Бекке ; № 9. Катастрофа на море - буря / Бекке ; № 10. Буря в песках (самум) - преследование / Бекке ; № 11. "На помощь!" - гроза-перестрелка / Бекке. № 12. Гавот, - идилия - игры - комедия / Клейн. № 13. Маленькая балетная сцена / Бекке. № 14. Японский марш / Иосхитомо. № 15. Восточная мелодия-грусть / Поппи. № 16. 1905 год : революц. шествие-нападение полиции - апофеоз "К светлому будущему" / Д. Дубинский.
461 #0 - УРОВЕНЬ НАБОРА
Встроенное поле 001RU\NLR\ONIZ\298618
-- 2001#$aКино-музыка$bНоты$eнотные альбомы$eпособие для кино-иллюстраторов$v№ 1
Системный номер (АБИС) связанной записи 12503183
Место публикации Ленинград
Дата публикации 1928-1930
Сведения, относящиеся к заглавию нотные альбомы : пособие для кино-иллюстраторов
Заглавие Кино-музыка: Ноты
Номер тома № 1
702 #1 - ИМЯ ЛИЦА - ВТОРИЧНАЯ ОТВЕТСТВЕННОСТЬ
Системный номер авторитетной/нормативной записи z01790
Начальный элемент ввода Блок
Часть имени, кроме начального элемента ввода Д. С.
Даты 1888-1948
Расширение инициалов личного имени Давид Семенович
Код отношения Редактор
Графика поля Кириллица
790 #1 - ИМЯ ЛИЦА - АЛЬТЕРНАТИВНАЯ ФОРМА
Системный номер авторитетной/нормативной записи z01702
Начальный элемент ввода Blok
Часть имени, кроме начального элемента ввода D. S.
Даты 1888-1948
Расширение инициалов личного имени David Semjonovič
Код отношения Редактор
Графика поля Латинская
801 #0 - ИСТОЧНИК ЗАПИСИ
Страна Российская Федерация
Организация NLR
Дата составления 20230719
Правила каталогизации PSBO
801 #1 - ИСТОЧНИК ЗАПИСИ
Страна Российская Федерация
Организация NLR
Дата составления 20230719
Источник данных rusmarc
801 #2 - ИСТОЧНИК ЗАПИСИ
Страна Российская Федерация
Организация NLR
Дата составления 20230802
852 ## - МЕСТОНАХОЖДЕНИЕ И ШИФР ХРАНЕНИЯ
Идентификатор организации NLR
Наименование фонда или коллекции (Sub-Location Identifier) М
Шифр хранения (Call Number) 255-4/27(1)
Страна
Номер экземпляра 1
942 ## - ДОПОЛНИТЕЛЬНЫЕ ЭЛЕМЕНТЫ ЗАПИСИ (АБИС)
Тип экземпляра АБИС Ноты
980 ## - КОЛЛЕКЦИЯ
Название коллекции Национальная библиография
980 ## - КОЛЛЕКЦИЯ
Название коллекции Отдел нот и звукозаписей
981 24 - КОЛЛЕКЦИЯ ЭЛЕКТРОННОЙ БИБЛИОТЕКИ
Название коллекции Нотные издания и аудиозаписи
Экземпляры
Тип экземпляра Дата поступления Библиотека постоянного хранения Библиотека текущего хранения Место хранения Шифр хранения Статус экземпляра
Ноты 19.07.2023 РНБ (Московский) РНБ (Московский) Фонд нот и звукозаписей 255-4/27(1) 255-4/27(1)